000 00817nam a2200217Ia 4500
003 GCL
008 140319s9999 xx 000 0 ara d
040 _aGCL /
_cGCL
082 0 4 _a953.151
_bع م
100 1 _aعبدالفتاح امام حزين
245 1 0 _aمدينة ابها: قصبه اقليم عسير بالمملكة العربية السعودية: دراسة تحليلة للعلاقات المكانية وطوبوغرافية الموضع /
_cعبدالفتاح امام حزين
260 _a[S.N] :
_bمعهد البحوث والدراسات العربية ،
_c1988
300 _a70 ص
490 _a
650 0 4 _aالسعودية
650 0 4 _aالتاريخ الاسلامى
650 0 4 _aالمدن
650 0 4 _aابها
650 0 4 _aالمدن العربية
942 _2ddc
_cBK
999 _c30593
_d30593